| 000 | 00393nam a22001217a 4500 | ||
|---|---|---|---|
| 040 | _cNust | ||
| 082 |
_a621.20424 _bKHU'T |
||
| 100 |
_aR.S. Khurmi _927450 |
||
| 245 | _aA textbook of hydraulics,Fluid mechanics and hydraulic machines | ||
| 260 |
_aNew Delhi: _bS. Chand Company, _c1994. |
||
| 650 |
_aA textbook of hydraulics,Fluid mechanics and hydraulic machines _9126162 |
||
| 942 |
_2ddc _cBK |
||
| 999 |
_c611930 _d611930 |
||